000 00618nam a22002057a 4500
003 URS
005 20250313165037.0
008 250313t2022 ph ||||| |||| 00| 0 eng d
020 _a978-971-821-984-3
040 _aDLC
_beng
_cDLC
_dDLC
_dURS
_erda
082 _bR66 2022
100 _4author
_aRomero, Ethelmay R.
245 _aTalahulugan sa Istenong Filipino /
_cEthelmay R. Romero.
264 _aPhilippines :
_bMutya Publishing House, Inc.
_c[2022]
300 _av, 71 pages ;
_c23 cm
336 _2rdacontent
_atext
_btxt
337 _2rdamedia
_aunmediated
_bn
338 _2rdacarrier
_avolume
_bnc
942 _2ddc
_cF
999 _c82374
_d82373